000 00773nam a22002055i 4500
001 158677
003 ES-MaACL
005 20230906211251.0
008 040920s1883 fr |||| | fre d
040 _aCAM
_bspa
_cCAM
100 1 _aMarchese, Eugenio.
_976424
245 1 0 _aSur le travail mécanique consommé dans l'électrolysation de quelques sulfures et sels métalliques /
_cpar Eugenio Marchese, de Gênes; traduit par V. Bouhy.
260 _aParis ;
_aLiége :
_bBureaux,
_c1883 (
_eLiége :
_fImp. de Ch. Aug. Desoer)
300 _a28 p. ;
_c22 cm.
500 _aExtrait de la Revue Universelle des Mines, etc.
650 4 _aElectrólisis.
_9222090
700 0 _aBouhy, Victor.
_930880
852 _aES-MaACL
_jB-7690(4)
_z-- Enc. tela
999 _c158677
_d158677